000 00409nam a2200157Ia 4500
008 230312s9999||||xx |||||||||||||| ||und||
020 _a0-500-34264-0
082 _a720.151
_bBUR-N
100 _aBurry;Jane
245 0 _aNew Mathematics of Architecture
260 _bThames & Hudson
_aChina
_c2010
300 _a271
546 _aEng.
650 _aArchitecture
_vNew Mathematics of Architecture
942 _cBK
999 _c7515
_d7515